Tumbuhan Makan Apa? / (Record no. 204157)

MARC details
000 -LEADER
fixed length control field 01018nam a2200313 ia4500
005 - DATE AND TIME OF LATEST TRANSACTION
control field 20260513104218.0
008 - FIXED-LENGTH DATA ELEMENTS--GENERAL INFORMATION
fixed length control field 260511t20252025my a ar o000 0 may d
020 ## - INTERNATIONAL STANDARD BOOK NUMBER
International Standard Book Number 9786299790273
Terms of availability RM35.00
Qualifying information paperback
040 ## - CATALOGING SOURCE
Original cataloging agency PPAK
Language of cataloging eng
Transcribing agency PPAK
Description conventions rda
082 04 - DEWEY DECIMAL CLASSIFICATION NUMBER
Classification number 500
Edition number 23
090 00 - LOCALLY ASSIGNED LC-TYPE CALL NUMBER (OCLC); LOCAL CALL NUMBER (RLIN)
Classification number (OCLC) (R) ; Classification number, CALL (RLIN) (NR) 500
Feature heading MOH
Feature heading K
100 1# - MAIN ENTRY--PERSONAL NAME
Personal name Mohini, Mudit,
Relator term author.
245 10 - TITLE STATEMENT
Title Tumbuhan Makan Apa? /
Statement of responsibility, etc. Mudit Mohini ; Penterjemah/Translator: Idris Mansor & Hanani Akmal
246 34 - VARYING FORM OF TITLE
Title proper/short title Fotosintesis
264 #1 - PRODUCTION, PUBLICATION, DISTRIBUTION, MANUFACTURE, AND COPYRIGHT NOTICE
Place of production, publication, distribution, manufacture Kuala Lumpur :
Name of producer, publisher, distributor, manufacturer BRAVO GLOBAL VENTURE (M) SDN BHD,
Date of production, publication, distribution, manufacture, or copyright notice 2025
Date of production, publication, distribution, manufacture, or copyright notice ©2025
300 ## - PHYSICAL DESCRIPTION
Extent 22 pages :
Other physical details colour illustrations ;
Dimensions 25 cm
336 ## - CONTENT TYPE
Content type term text
Source rdacontent
337 ## - MEDIA TYPE
Media type term unmediated
Source rdamedia
338 ## - CARRIER TYPE
Carrier type term volume
Source rdacarrier
490 1# - SERIES STATEMENT
Series statement Cerita Sains
521 1# - TARGET AUDIENCE NOTE
Target audience note The interest level is that for ages 5+.
650 10 - SUBJECT ADDED ENTRY--TOPICAL TERM
Topical term or geographic name entry element Natural science
Topical term or geographic name entry element Photosynthesis
700 0# - ADDED ENTRY--PERSONAL NAME
Personal name Idris Mansor,
Relator term translator.
Personal name Hanani Akmal,
Relator term translator.
830 #0 - SERIES ADDED ENTRY--UNIFORM TITLE
Uniform title Cerita sains
942 ## - ADDED ENTRY ELEMENTS (KOHA)
Source of classification or shelving scheme Dewey Decimal Classification
Koha item type Book

No items available.